<?xml version="1.0" encoding="UTF-8"?>
<collection xmlns="http://www.loc.gov/MARC21/slim">
<record>
  <controlfield tag="001">159380</controlfield>
  <controlfield tag="005">20250520135047.0</controlfield>
  <datafield tag="037" ind1=" " ind2=" ">
    <subfield code="a">GDOC-2024-30836</subfield>
  </datafield>
  <datafield tag="970" ind1=" " ind2=" ">
    <subfield code="a">GDOC-2024-30836</subfield>
  </datafield>
  <datafield tag="041" ind1=" " ind2=" ">
    <subfield code="a">spa</subfield>
  </datafield>
  <datafield tag="041" ind1=" " ind2=" ">
    <subfield code="a">eng</subfield>
  </datafield>
  <datafield tag="540" ind1=" " ind2=" ">
    <subfield code="a">by-nc-sa</subfield>
    <subfield code="b">Creative Commons</subfield>
    <subfield code="c">3.0</subfield>
    <subfield code="u">http://creativecommons.org/licenses/by-nc-sa/3.0/</subfield>
  </datafield>
  <datafield tag="260" ind1=" " ind2=" ">
    <subfield code="a">Zaragoza</subfield>
    <subfield code="b">Universidad de Zaragoza</subfield>
    <subfield code="c">2024-2025</subfield>
  </datafield>
  <datafield tag="245" ind1="0" ind2="0">
    <subfield code="9">30836</subfield>
    <subfield code="a">Intensificación en el sector lácteo y de ovoproductos</subfield>
  </datafield>
  <datafield tag="242" ind1="0" ind2="0">
    <subfield code="9">30836</subfield>
    <subfield code="a">Enrichment in the Milk and Egg Product Sector</subfield>
  </datafield>
  <datafield tag="100" ind1=" " ind2=" ">
    <subfield code="0">(orcid)0000-0003-0865-4159</subfield>
    <subfield code="a">María Abenoza, Giménez</subfield>
    <subfield code="1">527367</subfield>
  </datafield>
  <datafield tag="700" ind1=" " ind2=" ">
    <subfield code="a">Laura García, Otero</subfield>
    <subfield code="1">847114</subfield>
  </datafield>
  <datafield tag="700" ind1=" " ind2=" ">
    <subfield code="0">(orcid)0000-0002-7179-3031</subfield>
    <subfield code="a">Miriam Oliva, Alcubierre</subfield>
    <subfield code="1">320629</subfield>
  </datafield>
  <datafield tag="700" ind1=" " ind2=" ">
    <subfield code="0">(orcid)0000-0003-2555-8425</subfield>
    <subfield code="a">María Dolores Pérez, Cabrejas</subfield>
    <subfield code="1">118179</subfield>
  </datafield>
  <datafield tag="700" ind1=" " ind2=" ">
    <subfield code="0">(orcid)0000-0002-4905-3694</subfield>
    <subfield code="a">María Helena Resano, Ezcaray</subfield>
    <subfield code="1">224315</subfield>
  </datafield>
  <datafield tag="700" ind1=" " ind2=" ">
    <subfield code="0">(orcid)0000-0001-5964-823X</subfield>
    <subfield code="a">María Lourdes Sánchez, Paniagua</subfield>
    <subfield code="1">115614</subfield>
  </datafield>
  <datafield tag="830" ind1=" " ind2=" ">
    <subfield code="9">568</subfield>
  </datafield>
  <datafield tag="856" ind1="4" ind2=" ">
    <subfield code="s">8850</subfield>
    <subfield code="u">http://zaguan.unizar.es/record/159380/files/guia-30836-en.pdf</subfield>
    <subfield code="y">Guide (english)</subfield>
  </datafield>
  <datafield tag="856" ind1="4" ind2=" ">
    <subfield code="s">9148</subfield>
    <subfield code="u">http://zaguan.unizar.es/record/159380/files/guia-30836-es.pdf</subfield>
    <subfield code="y">Guía (idioma español)</subfield>
  </datafield>
  <datafield tag="521" ind1=" " ind2=" ">
    <subfield code="9">112</subfield>
    <subfield code="a">Grado en Ciencia y Tecnología de los Alimentos</subfield>
    <subfield code="b">Degree in Food Science and Technology</subfield>
  </datafield>
  <datafield tag="980" ind1=" " ind2=" ">
    <subfield code="a">GDOC</subfield>
    <subfield code="b">Sciences</subfield>
    <subfield code="b">Ciencias</subfield>
    <subfield code="c">105</subfield>
  </datafield>
</record>
</collection>